<?xml version="1.0" encoding="UTF-8"?>
<record
    xmlns:xsi="http://www.w3.org/2001/XMLSchema-instance"
    xsi:schemaLocation="http://www.loc.gov/MARC21/slim http://www.loc.gov/standards/marcxml/schema/MARC21slim.xsd"
    xmlns="http://www.loc.gov/MARC21/slim">

  <leader>01655nam a22002417a 4500</leader>
  <datafield tag="999" ind1=" " ind2=" ">
    <subfield code="c">22061</subfield>
    <subfield code="d">22061</subfield>
  </datafield>
  <controlfield tag="003">AR-CdUCM</controlfield>
  <controlfield tag="008">190429b           ||||| |||| 00| 0 spa d</controlfield>
  <datafield tag="040" ind1=" " ind2=" ">
    <subfield code="a">MUNICIPALIDAD PROVINCIAL DEL CUSCO</subfield>
    <subfield code="c">BIBLIOTECA MUNICIPAL DEL CUSCO</subfield>
  </datafield>
  <datafield tag="082" ind1=" " ind2=" ">
    <subfield code="a">Rijchariy/N&#xB0;2/1967</subfield>
  </datafield>
  <datafield tag="245" ind1=" " ind2=" ">
    <subfield code="a">Rijchariy :</subfield>
    <subfield code="b">revista cultural /</subfield>
    <subfield code="c">Cesar Lomellini Carenzi</subfield>
  </datafield>
  <datafield tag="260" ind1=" " ind2=" ">
    <subfield code="a">Cusco :</subfield>
    <subfield code="b">Rijchariy,</subfield>
    <subfield code="c">1967.</subfield>
  </datafield>
  <datafield tag="300" ind1=" " ind2=" ">
    <subfield code="a">47 p&#xE1;ginas. :</subfield>
    <subfield code="b">im&#xE1;genes ;</subfield>
    <subfield code="c">24 cm.</subfield>
  </datafield>
  <datafield tag="440" ind1=" " ind2=" ">
    <subfield code="a">Rijchariy revista cultural.</subfield>
    <subfield code="n">A&#xF1;o II, abril, mayo 1967, N&#xB0;2</subfield>
    <subfield code="9">47322</subfield>
  </datafield>
  <datafield tag="505" ind1=" " ind2=" ">
    <subfield code="a">Contenido: La funci&#xF3;n vital de la Pedagog&#xED;a. Jos&#xE9; Tarquino Guevara S. -- Un minuto con Mariano Fuentes Lira director de la Escuela Normal de Bellas Artes. -- Reportaje de bolsillo Abel Jim&#xE9;nez A. El pintor de las barbas. -- Teatro de c&#xE1;mara los cretinos iluminados. Ra&#xFA;l Brozovich. -- Sinlogismos greguerias notas y otras definiciones. -- Revista de libros exposiciones de pintura y cr&#xF3;nicas de las actividades culturales. -- La asociaci&#xF3;n de artistas pl&#xE1;sticos del Cuzco reclama un local de exposiciones. -- El Amor. -- Poes&#xED;a homenaje a Rub&#xE9;n Dar&#xED;o. -- Los amores de Ollantay y Kusikcoyllur. -- Contrapunto. Gustavo P&#xE9;rez Ocampo. -- Exposiciones de pintura. Grabados. -- Estampa del &#xE1;rbol centenario. -- Museo Virreynal. Te&#xF3;filo Benavente. -- Del cine y del teatro. Kukuli. -- Cine cusque&#xF1;o.</subfield>
  </datafield>
  <datafield tag="650" ind1=" " ind2=" ">
    <subfield code="a">Poes&#xED;a cusque&#xF1;a</subfield>
    <subfield code="9">2323</subfield>
  </datafield>
  <datafield tag="650" ind1=" " ind2=" ">
    <subfield code="a">Literatura cusque&#xF1;a</subfield>
    <subfield code="9">47323</subfield>
  </datafield>
  <datafield tag="650" ind1=" " ind2=" ">
    <subfield code="a">Cine cusque&#xF1;o</subfield>
    <subfield code="9">46144</subfield>
  </datafield>
  <datafield tag="700" ind1=" " ind2=" ">
    <subfield code="a">Brozovich, Ra&#xFA;l</subfield>
    <subfield code="9">47254</subfield>
  </datafield>
  <datafield tag="700" ind1=" " ind2=" ">
    <subfield code="a">Baush Bedoya, Germ&#xE1;n</subfield>
    <subfield code="9">47324</subfield>
  </datafield>
  <datafield tag="942" ind1=" " ind2=" ">
    <subfield code="2">ddc</subfield>
    <subfield code="c">PP</subfield>
  </datafield>
  <datafield tag="945" ind1=" " ind2=" ">
    <subfield code="a">rac</subfield>
  </datafield>
  <datafield tag="952" ind1=" " ind2=" ">
    <subfield code="0">0</subfield>
    <subfield code="2">ddc</subfield>
    <subfield code="4">0</subfield>
    <subfield code="7">0</subfield>
    <subfield code="a">HEM</subfield>
    <subfield code="b">HEM</subfield>
    <subfield code="c">CART</subfield>
    <subfield code="d">2022-02-28</subfield>
    <subfield code="g">5.00</subfield>
    <subfield code="o">Rijchariy/N&#xB0;2/1967</subfield>
    <subfield code="p">REVC000675</subfield>
    <subfield code="r">2022-02-28</subfield>
    <subfield code="y">PP</subfield>
  </datafield>
</record>
